| 000 | 00377nam a2200145Ia 4500 | ||
|---|---|---|---|
| 008 | 240624s9999 xx 000 0 und d | ||
| 041 | _aeng | ||
| 082 | _a338.5442 MAK | ||
| 100 | _aMAKRIDAKIS SPYROS | ||
| 245 | _aFORECASTING METHODS AND APPLICATIONS | ||
| 250 | _a(3rd ed.) | ||
| 260 |
_c2007 _aNew Delhi _bWiley India |
||
| 300 | _axiv, , 642 , 26 , p. , cm. | ||
| 365 |
_c _b30 |
||
| 999 |
_c6794 _d6794 |
||